Statistics for F1 World Champions

Click here to take the quiz!

General Stats

  • This quiz has been taken 100 times
  • The average score is 13 of 15

Answer Stats

Answer% Correct
Lewis Hamilton
100%
Ayrton Senna
99%
Kimi Raikkonen
99%
Michael Schumacher
99%
Sebastian Vettel
98%
Fernando Alonso
96%
Alain Prost
95%
Niki Lauda
95%
Mika Hakkinen
90%
Juan Manuel Fangio
89%
Graham Hill
80%
Jackie Stewart
79%
Jim Clark
74%
Jack Brabham
70%
Nelson Piquet
63%

Score Distribution

Percentile by Number Answered

Percent of People with Each Score

Your Score History

You have not taken this quiz